<?xml version="1.0" encoding="UTF-8"?>
<collection xmlns="http://www.loc.gov/MARC21/slim">
 <record>
  <leader>01177nam a2200277 a 4500</leader>
  <controlfield tag="001">1/46563</controlfield>
  <controlfield tag="008">160722s2003    enk      b    00110 eng  </controlfield>
  <datafield tag="020" ind1=" " ind2=" ">
   <subfield code="a">9781592535873</subfield>
  </datafield>
  <datafield tag="020" ind1=" " ind2=" ">
   <subfield code="a">1592535879</subfield>
  </datafield>
  <datafield tag="035" ind1=" " ind2=" ">
   <subfield code="l">49540</subfield>
  </datafield>
  <datafield tag="040" ind1=" " ind2=" ">
   <subfield code="a">GR-PeUP</subfield>
  </datafield>
  <datafield tag="082" ind1="0" ind2="0">
   <subfield code="a">745.4'03 LID</subfield>
  </datafield>
  <datafield tag="100" ind1="1" ind2=" ">
   <subfield code="a">Lidwell, William.</subfield>
  </datafield>
  <datafield tag="245" ind1="1" ind2="0">
   <subfield code="a">Universal principles of design /</subfield>
   <subfield code="c">William Lidwell, Kritina Holden, Jill Butler.</subfield>
  </datafield>
  <datafield tag="260" ind1="0" ind2=" ">
   <subfield code="a">Beverly, Mass. :</subfield>
   <subfield code="b">Rockport,</subfield>
   <subfield code="c">2003.</subfield>
  </datafield>
  <datafield tag="300" ind1=" " ind2=" ">
   <subfield code="a">272 σ. :</subfield>
   <subfield code="b">έγχρ. εικ. ;</subfield>
   <subfield code="c">26 εκ.</subfield>
  </datafield>
  <datafield tag="500" ind1=" " ind2=" ">
   <subfield code="a">Από το εξώφυλλο: 125 ways to enhance Usability, Influence perception, increase appeal, make better design decisions, and teach through design.</subfield>
  </datafield>
  <datafield tag="650" ind1=" " ind2="4">
   <subfield code="a">Industrial design</subfield>
   <subfield code="x">Design principles</subfield>
   <subfield code="x">Design techniques.</subfield>
  </datafield>
  <datafield tag="650" ind1=" " ind2="4">
   <subfield code="a">Design</subfield>
   <subfield code="x">Dictionaries.</subfield>
  </datafield>
  <datafield tag="650" ind1=" " ind2="4">
   <subfield code="x">Βιομηχανικός σχεδιασμός</subfield>
   <subfield code="x">Τεχνικές σχεδιασμού.</subfield>
  </datafield>
  <datafield tag="650" ind1=" " ind2="4">
   <subfield code="a">Σχεδιασμός.</subfield>
  </datafield>
  <datafield tag="700" ind1="1" ind2=" ">
   <subfield code="a">Holden, Kritina.</subfield>
  </datafield>
  <datafield tag="700" ind1="1" ind2=" ">
   <subfield code="a">Butler, Jill.</subfield>
  </datafield>
  <datafield tag="852" ind1=" " ind2=" ">
   <subfield code="a">INST</subfield>
   <subfield code="b">UNIPILB</subfield>
   <subfield code="c">MAIN</subfield>
   <subfield code="e">20160722</subfield>
   <subfield code="h">745.4'03 LID</subfield>
   <subfield code="p">00175705</subfield>
   <subfield code="q">00175705</subfield>
   <subfield code="t">BIO</subfield>
   <subfield code="y">0</subfield>
   <subfield code="4">1</subfield>
  </datafield>
  <datafield tag="856" ind1="4" ind2=" ">
   <subfield code="d">/webopac/covers/03/49540_9781592535873.jpg</subfield>
  </datafield>
  <datafield tag="856" ind1="4" ind2=" ">
   <subfield code="d">/webopac/covers/03/49540_1592535879.jpg</subfield>
  </datafield>
 </record>
</collection>
